00485nam a22001697a 450000500170000001000140001702000260003102000150005703500130007203700130008508200190009824500650011726000450018227000420022730000280026970000180029720100727121143.0 aENG-97183 a9780198063827c795.00 a0198063822 aEN-80716 bDBAD/PUB a305.5509540903 aThe middle class in colonial India /cedited by Sanjay Joshi aNew DelhibOxford University Pressc2010 aYMCA library building, Jai Singh Road alvi,326 p.c21 cm. (Hb) aJoshi, Sanjay